| 000 | 00723nam a2200217Ia 4500 | ||
|---|---|---|---|
| 001 | 14748 | ||
| 003 | GE_BSU | ||
| 008 | 181216s||||||||xx |||||||||||||| ||und|| | ||
| 040 | _cGE_BSU | ||
| 080 | _a621.01(076.1) | ||
| 100 | _aСоловьев,А.И. | ||
| 245 | _aЛабораторный практикум по теории механизмов и деталям приборов. | ||
| 245 | _bУчебник. | ||
| 245 | _cРед. Н.Н.Ганчев. | ||
| 260 | _aМ. | ||
| 260 | _bМашгиз. | ||
| 260 | _c1969. | ||
| 300 | _a144 стр. с илл. 22 см. | ||
| 653 | _aЛабораторный практикум по теории механизмов и деталям приборов. | ||
| 942 | _cBK | ||
| 999 |
_c47872 _d47872 |
||